Black hole physics (Record no. 11000)
[ view plain ]
| 000 -LEADER | |
|---|---|
| fixed length control field | 00909nam a2200229Ia 4500 |
| 003 - CONTROL NUMBER IDENTIFIER | |
| control field | IN-BaIIA |
| 008 - FIXED-LENGTH DATA ELEMENTS--GENERAL INFORMATION | |
| fixed length control field | 211028s9999 xx 000 0 eng d |
| 020 ## - INTERNATIONAL STANDARD BOOK NUMBER | |
| International Standard Book Number | 0-7923-1679-7 |
| 040 ## - CATALOGING SOURCE | |
| Transcribing agency | IIA Library |
| 080 ## - UNIVERSAL DECIMAL CLASSIFICATION NUMBER | |
| Universal Decimal Classification number | 524.882(063) |
| Item number | BLA |
| 111 ## - MAIN ENTRY--MEETING NAME | |
| Meeting name or jurisdiction name as entry element | NATO Advanced Study Institute Conference |
| Location of meeting | Italy |
| Date of meeting or treaty signing | 1991 May 12-22 |
| 9 (RLIN) | 18801 |
| 245 #0 - TITLE STATEMENT | |
| Title | Black hole physics |
| Remainder of title | proceedings of the NATO advanced study institute held in Erice, Italy, May 12-22,1991 |
| Statement of responsibility, etc. | edited by Venzo De Sabbata and Zhenjiu Zhang |
| 260 ## - PUBLICATION, DISTRIBUTION, ETC. | |
| Place of publication, distribution, etc. | Dordrecht |
| Name of publisher, distributor, etc. | Kluwer Academic |
| Date of publication, distribution, etc. | 1992 |
| 300 ## - PHYSICAL DESCRIPTION | |
| Extent | viii, 426p. |
| 490 ## - SERIES STATEMENT | |
| Series statement | NATO ASI series, series C: mathematical and physical science |
| 650 ## - SUBJECT ADDED ENTRY--TOPICAL TERM | |
| Topical term or geographic name entry element | Astronomy and astrophysics thesaurus |
| 650 ## - SUBJECT ADDED ENTRY--TOPICAL TERM | |
| Topical term or geographic name entry element | Black holes |
| 9 (RLIN) | 7728 |
| 650 ## - SUBJECT ADDED ENTRY--TOPICAL TERM | |
| Topical term or geographic name entry element | X-Ray binary stars |
| 9 (RLIN) | 14980 |
| 700 ## - ADDED ENTRY--PERSONAL NAME | |
| Personal name | De Sabbata, Venzo, ed. |
| 9 (RLIN) | 18617 |
| 700 ## - ADDED ENTRY--PERSONAL NAME | |
| Personal name | Zhang, Zhenjiu, ed. |
| 9 (RLIN) | 18802 |
| 942 ## - ADDED ENTRY ELEMENTS (KOHA) | |
| Koha item type | Books |
| Withdrawn status | Lost status | Damaged status | Not for loan | Home library | Current library | Shelving location | Date acquired | Cost, normal purchase price | Total Checkouts | Full call number | Barcode | Date last seen | Cost, replacement price | Price effective from | Koha item type | Purchase Price |
|---|---|---|---|---|---|---|---|---|---|---|---|---|---|---|---|---|
| IIA Library-Bangalore | IIA Library-Bangalore | General Stacks | 23/03/1994 | 4206.50 | 524.882(063)/ BLA | 11913 | 05/11/2021 | 4206.50 | 23/03/1994 | Books | Rs. 4206.50 |